000 00625nam a2200241Ia 4500
003 OSt
005 20221007110205.0
006 a|||||r|||| 00| 0
007 ta
008 221006b |||||||| |||| 00| 0 eng d
024 _a20,577
037 _cTextual
040 _aLCO
_cLCO
_beng
041 _2eng
_aeng
082 _aZ1,6, L3
100 _aRotondi M.
_9707198
245 0 _aAims and Methods of Comparative Law
260 _aNew
_bYork Oceana Publication USA
_c1973
300 _a762
650 _aCOMPARATIVE LAW
_9681818
942 _hZ1,6, L3
_cTEXL
999 _c1190140
_d1190140